| 000 | 00797nam a2200217 a 4500 | ||
|---|---|---|---|
| 005 | 20210223133801.0 | ||
| 008 | 190403s2000 ag r 000 0 spa d | ||
| 020 | _a9505573685 | ||
| 035 | _aUPN01000230051 | ||
| 049 | _aCG | ||
| 050 | 4 |
_aHN110.5 _bC3.6 |
|
| 245 | 0 | 0 |
_aCapital social y cultura : _bclaves estratégicas para el desarrollo / _ccomp. Bernardo Kliksberg. |
| 260 |
_aBuenos Aires : _bBanco Interamericano de Desarrollo : _bFCE, _c2000. |
||
| 300 | _a398 p. | ||
| 650 | 4 |
_aCAPITAL SOCIAL - _zAMERICA LATINA - _vCONGRESOS _927836 |
|
| 650 | 4 |
_aDESARROLLO COMUNAL - _zAMERICA LATINA - _vCONGRESOS _927837 |
|
| 651 | 4 |
_aAMERICA LATINA - _xCONDICIONES ECONOMICAS - _y1982 - _vCONGRESOS _927838 |
|
| 700 | 1 |
_aKliksberg, Bernardo, _d1940- _ecomp. _928835 |
|
| 905 | _aLibro | ||
| 999 |
_c202146 _d202146 |
||